000 00645nam a2200277Ia 4500
005 20260324133657.0
008 008 260324s9999 xx 000 0 eng d
020 _a9781003549987
037 _aEBOOK
040 _aCRL
040 _beng
040 _cCRL
041 _2eng
041 _aeng
084 _qCRL
100 _aBertrand A Goldgar
_91193901
245 4 _aThe Grub Street Journal, 1730-33 Vol 2
260 _bTaylor and Francis
260 _c2003
365 _a
365 _b230
856 _uhttp://www.taylorfrancis.com/books/9781003549987
942 _cEBOOK
999 _c1793283
_d1793283